[Event "6th Altibox Norway Chess 2018 Blitz"]
[Site "Stavanger"]
[Date "2018.05.27"]
[Round "6.2"]
[White "So, Wesley"]
[Black "Karjakin, Sergey"]
[Result "1-0"]
[WhiteElo "2824"]
[BlackElo "2838"]
[Annotator "TA"]
[PlyCount "73"]
[EventDate "2018.05.26"]
[EventType "tourn"]
[EventCountry "NOR"]

{[%evp 14,73,3,14,44,-2,0,-8,-6,-8,-7,-4,0,0,0,0,3,-40,-37,-50,-21,-23,-26,-82,6,0,0,0,0,0,41,-173,-156,-127,63,64,54,50,32,42,17,20,22,14,13,10,89,62,122,95,224,0,67,17,1763,964,1153,1131,1068,1077,29993,29994]} 1. e4 e5 2. Nf3 Nc6 3. Bb5 Nf6 4. d3 Bc5 5. Nc3 {[%cal Bb1c3,Bc3e2,Be2g3,Bg3f5][%mdl 32]} O-O 6. Bxc6 {C48: Vierspringerspiel (Rubinstein-Variante)} dxc6 7. Be3 Bd6 8. h3 {LiveBook: 6 Partien. Die Stellung ist ausgeglichen.} c5 9. g4 Nd7 10. Ne2 Nb8 11. Ng3 Nc6 12. Nf5 Re8 $146 ({Vorgänger:} 12... Be6 13. Ng5 a5 {½-½ (41) So,W (2788)-Dominguez Perez,L (2739) Saint Louis 2017}) 13. h4 Bf8 14. h5 a5 {[%cal Ba7a5,Ba5a4][%mdl 32]} 15. c3 a4 16. Qc2 Be6 17. Ng5 c4 18. O-O-O (18. Rd1 $1 $11) 18... cxd3 (18... a3 $17 19. Nxe6 fxe6 20. dxc4 axb2+ 21. Kxb2 Qb8) 19. Rxd3 Qc8 20. Nxe6 Qxe6 21. Kb1 Na5 22. Qxa4 $2 {[#]} (22. Bc1 $14 {behält die Oberhand.}) 22... b5 $1 $19 {[%cal Rb5a4]} 23. Qc2 ({Falsch wäre} 23. Qxb5 $2 Reb8 $19) 23... Reb8 $2 ({Lieber} 23... Nc4 $17 {zielt auf ...Txa2! ab.} 24. Qb3 Reb8) 24. b3 $14 Nc4 $1 {[%cal Rc4a3] Und ...Sa3+ würde nun gewinnen.} 25. Bc1 Na3+ 26. Bxa3 $1 Rxa3 27. Rhd1 g6 28. hxg6 fxg6 29. Ne3 c6 (29... Rba8 $11) 30. Rd8 Raa8 ({Günstiger ist} 30... Rxd8 $14 31. Rxd8 Ra7) 31. R8d7 $36 {[%mdl 2048] Weiss hat starke Initiative.} Bc5 {[#]} (31... Be7 $16 {ist wohl besser.}) 32. Qd2 $2 (32. Nf5 $1 $18) 32... Rf8 (32... Bd4 $1 $11 33. Rxh7 (33. cxd4 Qxd7 34. d5 cxd5 $11) 33... Bxe3) 33. Nf5 Qf6 $2 {[%mdl 8192]} (33... gxf5 $11 34. gxf5 Qf6) 34. Qh6 {[%csl Gd7][%cal Rh6h7]} Rf7 35. g5 Qe6 36. Rd8+ Bf8 37. Rxa8 {Precision: Weiß = 44%, Schwarz = 33%.} 1-0

[Event "6th Altibox Norway Chess 2018 Blitz"]
[Site "Stavanger"]
[Date "2018.05.27"]
[Round "6.3"]
[White "Vachier-Lagrave, Maxime"]
[Black "Nakamura, Hikaru"]
[Result "1/2-1/2"]
[WhiteElo "2839"]
[BlackElo "2869"]
[Annotator "TA"]
[PlyCount "77"]
[EventDate "2018.05.26"]
[EventType "tourn"]
[EventCountry "NOR"]

{[%evp 19,77,17,22,19,19,0,0,0,0,0,20,0,0,-8,-18,-17,-14,-15,-17,-26,-19,-20,0,0,0,0,9,0,33,11,32,0,0,-8,0,-7,0,0,0,-39,0,0,0,0,0,0,8,8,8,0,0,0,0,0,0,0,0,0,0,0]} 1. e4 e5 2. Nf3 Nc6 3. Bb5 Nf6 4. d3 Bc5 5. O-O Nd4 6. Nxd4 Bxd4 7. Nd2 {C65: Ruy Lopez: Berlin Defence (3...Nf6), unusual lines and 4 0-0 Bc5} a6 8. Ba4 b5 9. Bb3 d6 10. Nf3 Bb6 {LiveBook: 3 Games} 11. a4 Rb8 12. axb5 $146 ({Predecessor:} 12. c3 O-O 13. h3 h6 14. Re1 Re8 {½-½ (58) Karjakin,S (2723)-Jakovenko,D (2736) Moscow 2009}) 12... axb5 13. c3 O-O 14. Re1 c5 15. h3 h6 16. Be3 c4 17. Bxb6 Rxb6 18. Bc2 cxd3 19. Qxd3 Be6 20. Nd2 Qc7 21. Bb3 Bxb3 22. Nxb3 Rc8 23. Nd2 Qb7 24. Ra5 Rd8 25. Qe3 d5 26. exd5 Nxd5 {[%cal Bf6d5,Bd5f4,Bf4d3][%mdl 32]} 27. Qe4 Nf4 28. Qxb7 Rxb7 29. Nf3 Nd3 30. Rd1 {[#] Strongly threatening Nxe5!The position is equal.} e4 31. Ne5 Rd5 32. Nxd3 exd3 $11 {[%mdl 4096] Endgame KRR-KRR} 33. c4 Rc5 34. b3 Rc8 35. Rxb5 Rxb5 36. cxb5 Rc3 $1 37. b6 Rxb3 38. b7 Rxb7 39. Rxd3 {Precision: White = 63%, Black = 59%.} 1/2-1/2

[Event "6th Altibox Norway Chess 2018 Blitz"]
[Site "Stavanger"]
[Date "2018.05.27"]
[Round "6.4"]
[White "Caruana, Fabiano"]
[Black "Mamedyarov, Shakhriyar"]
[Result "0-1"]
[WhiteElo "2814"]
[BlackElo "2730"]
[Annotator "TA"]
[PlyCount "88"]
[EventDate "2018.05.26"]
[EventType "tourn"]
[EventCountry "NOR"]

{[%evp 15,88,83,83,48,32,39,56,-7,22,-35,-35,-35,-33,-64,-52,-81,-72,-185,-133,-135,-141,-133,-90,-177,-118,-122,-130,-123,-125,-110,-84,-102,-91,-69,-41,-49,12,-54,45,-16,0,-8,0,-14,-18,0,118,112,108,112,107,122,185,110,185,-73,-64,-68,-68,-83,-89,-93,-87,-139,-144,-331,-313,-291,-285,-835,-782,-1844,-1776,-2503,-2404]} 1. e4 d6 2. d4 Nf6 3. Nc3 g6 4. Be3 Ng4 5. Bg5 h6 6. Bh4 Bg7 7. Qd2 c6 8. f3 Nf6 {LiveBook: 3 Games. B07: Pirc Defence: Miscellaneous Systems} 9. O-O-O (9. f4 O-O 10. Nf3 b5 11. Bd3 Nbd7 12. O-O b4 13. Ne2 Qb6 14. Kh1 e6 15. Ng3 c5 16. c3 Ba6 17. Bxa6 Qxa6 18. cxb4 cxd4 19. Nxd4 {1-0 (48) Leko,P (2755)-Mamedyarov,S (2752) Moscow 2007}) 9... b5 {[%cal Bb7b5,Bb5b4][%mdl 32]} 10. Kb1 O-O {White is slightly better.} 11. Bd3 (11. e5 $14 dxe5 12. dxe5 Qxd2 13. Rxd2) 11... Nbd7 $11 12. g4 (12. f4 $11) 12... b4 $146 ({Predecessor:} 12... Nb6 13. Bf2 e5 14. dxe5 dxe5 15. Be3 {1-0 (42) Demianjuk,A (2289)-Arkhipenko,D (1621) Taganrog 2017}) 13. Nce2 c5 14. Bf2 Qc7 $1 {White must now prevent ...c4.} 15. dxc5 dxc5 {Strongly threatening ...c4.} 16. Bb5 (16. Bg3 $17 {was called for.} Ne5 17. Bc4) 16... Rb8 (16... Ne5 $19 17. Qe3 Bxg4 18. Qxc5 (18. fxg4 Qb7 $17) 18... Qxc5 19. Bxc5 Nxf3 20. Bxe7 Rfb8) 17. Bg3 e5 18. Bxd7 Nxd7 19. Nh3 (19. Nc1 $17) 19... Nb6 (19... Qa5 $19 20. c4 bxc3 21. Nxc3 Nb6) 20. Qd6 $17 Qxd6 21. Rxd6 Nc4 22. Rd3 f5 23. gxf5 gxf5 24. Nf2 Ba6 (24... f4 $5 25. Bh4 $8 Ba6 $11) 25. Rg1 Kh7 (25... f4 $15 26. Bh4 Rf7) 26. Nc1 ({Better is} 26. Bh4 $11) 26... Rbd8 (26... f4 $15 27. Bh4 Rf7) 27. Rgd1 (27. Nb3 $14) 27... Rxd3 28. Ncxd3 Ne3 {aiming for ...f4.} 29. Rg1 f4 $36 {[%mdl 2048] Black has good play.} 30. Bh4 Bxd3 (30... Rf7 $11 {keeps the balance.}) 31. Nxd3 $16 Rc8 32. Be7 c4 33. Nxb4 c3 (33... Rc7 $16) 34. bxc3 (34. b3 $1 $18) 34... Rxc3 (34... Rc7 $16 {is a better defense.}) 35. Kb2 $2 {[#]} ({White must play} 35. Nd5 $18 Rc6 36. Nxe3 fxe3 37. Re1) 35... Rc7 $1 $17 {[%cal Rc7e7]} 36. Bh4 a5 $1 {[%cal Ra5b4]} 37. Nd5 ({Don't go for} 37. Bd8 $2 Nc4+ 38. Kc1 Rc8 $19) 37... Rxc2+ 38. Kb3 {And now Nxe3 would win.} Rxh2 39. Bf6 ({White should play} 39. Nf6+ Kh8 40. Rc1) 39... Rg2 40. Rxg2 $2 (40. Rc1 $17 {might work better.}) 40... Nxg2 $19 41. Bd8 {[#] and the idea Nc3 leaves White hopeful.} h5 $1 {[%cal Bh6h5,Bh5h4,Bh4h3][%mdl 32]} ({Don't do} 41... Ne1 42. a4 $19) 42. Ka4 $2 (42. Nc3 h4 43. Nd1) 42... h4 {Black is clearly winning.} 43. Bb6 h3 44. Bg1 Nh4 {Precision: White = 24%, Black = 58%.} 0-1

[Event "6th Altibox Norway Chess 2018 Blitz"]
[Site "Stavanger"]
[Date "2018.05.27"]
[Round "6.5"]
[White "Ding, Liren"]
[Black "Aronian, Levon"]
[Result "1/2-1/2"]
[WhiteElo "2793"]
[BlackElo "2843"]
[Annotator "TA"]
[PlyCount "124"]
[EventDate "2018.05.26"]
[EventType "tourn"]
[EventCountry "NOR"]

{[%evp 26,124,-21,-21,-12,-31,-7,-19,0,0,0,0,0,0,0,0,0,-2,0,0,0,0,0,-1,0,-1,0,0,0,-1,0,0,0,0,0,0,0,0,0,-65,-65,-154,-154,-154,-154,-139,-139,-3123,-1735,-958,-813,-811,0,0,6281,6115,12848,6087,6095,6095,6262,6218,6218,6087,6086,6086,6079,1202,1188,1144,1152,1146,875,1102,1143,1112,1071,1002,886,805,1143,1130,1027,960,533,404,404,63,63,0,0,0,0,0,0,0,0,0,0,0,0]} 1. d4 Nf6 2. c4 e6 3. Nc3 Bb4 4. e3 O-O 5. Bd3 d5 6. Nge2 dxc4 7. Bxc4 c5 8. O-O cxd4 9. exd4 Nbd7 10. a3 Be7 11. Bg5 Nb6 12. Ba2 Bd7 {E48: Nimzo-Indian: Rubinstein: 5 Bd3 d5 including 6 Ne2, but excluding 6 a3} 13. Qd3 Bc6 14. Rad1 {LiveBook: 4 Games} Na4 $146 ({Predecessor:} 14... Nbd5 15. Bb1 g6 16. f3 Qb6 17. Qd2 Rfd8 18. Kh1 Rac8 {1-0 (56) Tran,T (2537)-Gholami,A (2423) Shiraz 2017}) 15. Rd2 Nxc3 16. Nxc3 Qc7 {Black wants to play ...Ng4.} (16... Qa5 {with more complications.} 17. Bf4 Rad8 18. Be5 Ng4 19. Bf4 Qh5) 17. d5 Nxd5 18. Nxd5 exd5 19. Bxe7 Qxe7 20. Bxd5 Rad8 21. Qb3 Bxd5 22. Rxd5 Rxd5 23. Qxd5 $11 {[%mdl 4096] Endgame KQR-KQR} Rd8 24. Qc4 b6 25. g3 g6 26. Rc1 Qf6 27. Qc3 Qf5 28. Re1 Rc8 29. Qd4 h5 30. h4 (30. Kg2 {looks sharper.} Qc5 31. Qd7 Rc7 32. Qd8+ Kg7 33. Re8) 30... Qc5 31. Qxc5 (31. Qd7 {is interesting.} Rc7 32. Re8+ Kg7 33. Qd8 Qc1+ 34. Kg2) 31... Rxc5 {KR-KR} 32. b4 ({White should play} 32. Re8+ $11 Kg7 33. Re7) 32... Rc3 $15 33. Re3 (33. Ra1 $15) 33... Rxe3 $17 34. fxe3 {KP-KP} Kg7 35. Kf2 Kf6 36. e4 $2 {[%mdl 8192]} (36. b5 $17) 36... Ke5 $19 37. Ke3 b5 $1 38. Kd3 f6 $2 (38... f5 $1 $19 39. exf5 Kxf5) 39. Ke3 $11 g5 $2 {[%mdl 8192] [#]} (39... f5 $11 40. exf5 Kxf5) 40. g4 $1 $18 {[%cal Rg4h5][%mdl 512]} hxg4 41. h5 Ke6 42. Kf2 Kf7 43. Kg3 Kg7 44. Kxg4 Kh6 45. Kf5 Kh7 46. Kxf6 (46. e5 $142 fxe5 47. Kxg5) 46... g4 47. e5 g3 48. e6 g2 49. e7 g1=Q 50. e8=Q {KQ-KQ} Qf2+ 51. Ke7 Qe3+ 52. Kd8 Qxa3 53. Qf7+ Kh8 54. Qf6+ Kh7 55. Qg6+ Kh8 {[#]} 56. h6 $2 (56. Qh6+ $1 $18 Kg8 57. Qg5+ Kh7 58. Qxb5) 56... Qc3 $14 57. Qg7+ (57. Qa6 $14) 57... Qxg7 $11 {The position is equal.} 58. hxg7+ Kxg7 59. Kc7 {[#]} a5 $1 {[%mdl 512]} 60. bxa5 {Black must now prevent a6.} b4 {[%cal Bb5b4,Bb4b3,Bb3b2][%mdl 32]} 61. a6 b3 62. a7 b2 {Precision: White = 51%, Black = 62%.} 1/2-1/2

[Event "6th Altibox Norway Chess 2018 Blitz"]
[Site "Stavanger"]
[Date "2018.05.27"]
[Round "7.2"]
[White "Nakamura, Hikaru"]
[Black "Ding, Liren"]
[Result "1/2-1/2"]
[WhiteElo "2869"]
[BlackElo "2793"]
[Annotator "TA"]
[PlyCount "107"]
[EventDate "2018.05.26"]
[EventType "tourn"]
[EventCountry "NOR"]

{[%evp 9,107,7,8,-17,-8,-25,-22,-21,-8,-24,18,-23,-15,-37,-15,-28,-19,-29,-30,-77,-49,-72,-37,-58,-57,-57,-54,-132,-129,-132,-140,-118,-81,-178,-107,-79,-74,-72,-53,-75,-66,-76,-17,-21,0,-15,0,3,62,70,68,77,56,73,59,77,64,-72,-53,-127,-114,-109,-52,-56,-13,-80,0,0,0,0,0,0,0,0,0,0,0,0,12,12,12,12,12,0,0,0,0,0,0,0,0,0,0,-14,-10,-158,0,0,0,0]} 1. Nf3 d5 2. b3 Bf5 3. Bb2 e6 4. g3 Nf6 5. Bg2 c5 {LiveBook: 3 Partien} (5... Be7 6. Nh4 Be4 7. f3 Bg6 8. Nxg6 hxg6 9. e4 g5 10. Qe2 Nc6 11. e5 Nh7 12. d4 Qd7 13. c3 f6 14. exf6 Bxf6 {½-½ (52) Nakamura,H (2785)-So,W (2812) Paris 2017}) 6. Ne5 $146 {A07: Barcza-System (Königsfianchetto mit möglichen Übergängen in andere Systeme)} ({Vorgänger:} 6. c4 Nc6 7. cxd5 exd5 8. O-O d4 9. e3 d3 10. Ne5 Nxe5 11. Bxe5 Bc8 12. Bxf6 Qxf6 13. Nc3 {½-½ (64) Artemiev,V (2660)-Matlakov,M (2685) Khanty-Mansiysk 2014}) 6... Nfd7 7. Nxd7 Qxd7 8. d3 Nc6 9. Nd2 d4 10. c3 Be7 11. a3 O-O 12. cxd4 Nxd4 13. O-O Rac8 14. h3 Rfd8 15. Rc1 b6 {[%cal Bb7b6,Bb6b5][%mdl 32]} 16. Kh2 e5 17. Nc4 f6 18. f4 (18. a4 $15) 18... exf4 19. gxf4 b5 20. Nd2 a5 21. Nf3 (21. a4 $17) 21... Nxf3+ (21... Be6 $19 22. Nd2 Bf7) 22. Rxf3 $17 c4 23. bxc4 bxc4 24. Rxc4 Rxc4 25. Qb3 Be6 (25... Kf8 $17 26. Qxc4 Rc8) 26. dxc4 $11 a4 27. Qb5 Qxb5 28. cxb5 Rb8 (28... Rd2 $11 29. Re3 Rxb2 30. Rxe6 Kf7) 29. Re3 $14 Kf7 30. Bc6 $1 Bc4 31. Bd4 Bd6 32. Rc3 $1 {[%cal Rc3c4]} Bxf4+ 33. Kg2 (33. Kg1 $1 $14 {war der einzige gute Zug.} Bxe2 34. Kf2 Bxb5 35. Ba7) 33... Bxb5 $17 34. Bd5+ (34. Bxb5 $15 Rxb5 35. Rc4) 34... Kg6 35. Be4+ {[#]} f5 ({Günstiger ist} 35... Kh6 $1 $17 36. Kf2 Rd8) 36. Bc2 Re8 37. e3 (37. Rc5 $1 $11 Bd7 38. Kf2) 37... Be5 (37... Bd6 $17) 38. Rc5 $11 Bxd4 39. Bxf5+ Kf6 40. exd4 {[%mdl 4096] Endspiel KTL-KTL} Re2+ 41. Kf3 Rb2 42. Bxh7 Rb3+ 43. Kf4 Bd3 44. Bg8 Rxa3 45. Re5 {[%csl Gg8][%cal Re5e6]} g6 46. Ra5 Ra1 (46... Bc2 {with more complications.} 47. Ra6+ Ke7 48. Bc4 Rxh3 49. Bb5 Rh4+) 47. Ke3 Bc2 48. Ra6+ Ke7 49. d5 Rd1 50. Be6 Bb3 51. Ra7+ Kd6 52. Bd7 {[#]} (52. h4 $11) 52... Rxd5 $2 (52... Re1+ $1 $17 53. Kf4 Ra1) 53. Bxa4 Bxa4 54. Rxa4 {Precision: Weiß = 38%, Schwarz = 40%.} 1/2-1/2

[Event "6th Altibox Norway Chess 2018 Blitz"]
[Site "Stavanger"]
[Date "2018.05.27"]
[Round "7.3"]
[White "Karjakin, Sergey"]
[Black "Vachier-Lagrave, Maxime"]
[Result "1/2-1/2"]
[WhiteElo "2838"]
[BlackElo "2839"]
[Annotator "TA"]
[PlyCount "58"]
[EventDate "2018.05.26"]
[EventType "tourn"]
[EventCountry "NOR"]

{[%evp 17,58,4,4,-10,0,-12,-1,-9,-1,-1,-1,-1,4,4,5,0,4,6,5,5,6,12,16,16,16,16,16,16,18,18,18,19,22,0,0,0,0,0,0,0,0,0,0]} 1. b3 b6 2. Bb2 Bb7 3. Nf3 Nf6 4. g3 e6 5. Bg2 Be7 6. O-O O-O 7. c4 c5 8. Re1 {A30: Symmetrical English: Double Fianchetto and Hedgehog} (8. Nc3 d6 9. d4 cxd4 10. Qxd4 a6 11. e4 Nbd7 12. h3 Qc7 13. Rfe1 Rfe8 14. Qe3 Bf8 15. Nd4 g6 16. Rad1 Rad8 17. Ba1 Qb8 18. Qd2 Bg7 19. g4 Nc5 {0-1 (53) Karjakin,S (2760)-Ivanchuk,V (2729) Medias 2017}) 8... d5 9. cxd5 Nxd5 {LiveBook: 5 Games. The position is equal.} 10. Nc3 Nxc3 11. Bxc3 Nc6 12. d4 Bf6 {[%cal Rc5d4]} 13. Rc1 $146 ({Predecessor:} 13. Qd2 Nxd4 14. Bxd4 cxd4 15. Rad1 e5 {½-½ (42) Paus,F (1960)-Hassenrueck,H (2217) Dresden 2012}) 13... Nxd4 14. Nxd4 Bxg2 15. Nxe6 $1 fxe6 16. Kxg2 Qxd1 17. Rexd1 Rad8 {[#] Hoping for ...Rxd1.} 18. Bxf6 gxf6 $11 {[%mdl 4096] Endgame KRR-KRR} 19. Kf3 Kf7 20. Rxd8 Rxd8 {KR-KR} 21. b4 cxb4 22. Rc7+ Kg6 23. Rxa7 Rd5 24. Re7 e5 25. Rb7 b3 26. axb3 Rb5 27. e4 Rxb3+ 28. Kg2 Rb4 29. h4 Rxe4 {Precision: White = 81%, Black = 67%.} 1/2-1/2

[Event "6th Altibox Norway Chess 2018 Blitz"]
[Site "Stavanger"]
[Date "2018.05.27"]
[Round "7.4"]
[White "Aronian, Levon"]
[Black "Anand, Viswanathan"]
[Result "0-1"]
[WhiteElo "2843"]
[BlackElo "2784"]
[Annotator "TA"]
[PlyCount "84"]
[EventDate "2018.05.26"]
[EventType "tourn"]
[EventCountry "NOR"]

{[%evp 20,84,27,18,20,9,18,10,17,20,15,0,44,17,29,21,81,73,87,41,40,28,43,0,0,0,1,0,0,0,0,-6,-16,-8,-14,-15,0,-22,0,-62,-20,-61,-75,-62,-78,-241,-127,-331,-141,-131,-135,-132,-134,-301,-302,-292,-295,-274,-281,-297,-276,-523,-503,-29981,-29982,-12850,-11133]} 1. e4 e5 2. Nf3 Nc6 3. Bc4 Bc5 4. O-O Nf6 5. d3 O-O 6. Re1 d6 7. c3 a6 {C54: Giuoco Piano: 4 c3 Nf6, main lines with 5 d4 and 5 d3} (7... Ne7 8. d4 Bb6 9. a4 c6 10. dxe5 Ng4 11. Rf1 dxe5 12. Qxd8 Bxd8 13. h3 Nf6 14. Nxe5 Nxe4 15. Re1 {½-½ (42) Vachier Lagrave,M (2789)-Carlsen,M (2837) London 2017}) 8. a4 h6 9. Nbd2 {[%cal Bb1d2,Bd2f1,Bf1g3][%mdl 32]} Re8 10. Nf1 Ba7 11. Ng3 {LiveBook: 3 Games} (11. Be3 {feels hotter.} Na5 12. Ba2 c5 13. h3 Nc6 14. Ng3) 11... Be6 12. Bxe6 Rxe6 13. b4 {[%cal Bb2b4,Bb4b5][%mdl 32]} d5 14. Qc2 Qd7 15. h3 {[#]} Rae8 $146 ({Predecessor:} 15... Rd8) 16. b5 Ne7 17. c4 d4 (17... dxe4 $11 {keeps the balance.} 18. dxe4 Bd4 19. Nxd4 exd4) 18. c5 $16 Ng6 19. Bd2 Qd8 20. Rec1 Nd7 21. c6 bxc6 22. bxc6 Nb8 23. Qa2 Nxc6 24. Rab1 a5 25. Qd5 Qa8 26. Nf5 Bb6 27. Qa2 Nge7 28. Ng3 Nc8 29. Rc2 ({White should try} 29. Qd5 $11) 29... Nd6 30. Nf5 Nxf5 31. exf5 Rf6 32. Nh4 $2 {[#]} (32. Qd5 $17) 32... Ne7 (32... e4 $19 {And now ...Ne5 would win.} 33. Qd5 exd3) 33. g4 $2 (33. Re1 $17) 33... e4 (33... g5 $19 34. Ng2 (34. fxg6 $2 Nxg6 35. Nxg6 Qf3 $19) 34... Qf3) 34. dxe4 $17 Qxe4 {White must now prevent ...g5.} 35. Re1 Qa8 36. Qc4 $2 (36. Rb2 $17 {is a better defense.}) 36... Rc6 $19 37. Qd3 Rxc2 38. Qxc2 Nd5 39. Rxe8+ Qxe8 40. Nf3 $2 (40. Kf1 {was worth a try.}) 40... Qe2 {( -> ...d3)} 41. Ne1 (41. Qc6 $19 Qxf3 42. Qe8+ Kh7 43. Qxf7) 41... d3 42. Nxd3 {[#]} Nf4 $1 {[%mdl 512] Precision: White = 32%, Black = 47%.} 0-1

[Event "6th Altibox Norway Chess 2018 Blitz"]
[Site "Stavanger"]
[Date "2018.05.27"]
[Round "7.5"]
[White "Mamedyarov, Shakhriyar"]
[Black "So, Wesley"]
[Result "0-1"]
[WhiteElo "2730"]
[BlackElo "2824"]
[Annotator "TA"]
[PlyCount "78"]
[EventDate "2018.05.26"]
[EventType "tourn"]
[EventCountry "NOR"]

{[%evp 12,78,4,-6,0,0,0,0,41,29,48,12,17,11,23,25,22,24,18,8,19,25,23,20,101,100,97,12,5,3,5,0,0,0,0,-47,0,-167,-181,-174,-173,-164,-175,-189,-206,-202,-209,-304,-308,-400,-407,-394,-397,-400,-400,-381,-381,-349,-307,-303,-283,-547,-531,-519,-465,-386,-353,-1696,-1687]} 1. d4 Nf6 2. Bg5 d5 3. Bxf6 gxf6 4. e3 c5 5. Nf3 Nc6 6. c4 {D00: 1 d4 d5: Unusual lines} (6. c3 e6 7. Nbd2 f5 8. h3 cxd4 9. exd4 Rg8 10. g4 fxg4 11. hxg4 h6 12. Bb5 Qb6 13. Qe2 a6 14. Bxc6+ bxc6 {½-½ (22) Pourramezanali,A (2525)-Tabatabaei,M (2577) Amol 2018}) 6... cxd4 7. exd4 {LiveBook: 6 Games} e5 (7... Bg4 {feels hotter.} 8. Nc3 Bxf3 9. gxf3 dxc4 10. d5 Ne5) 8. Nc3 {The position is equal.} dxc4 $146 {[%cal Re5d4]} ({Predecessor:} 8... Bg4 9. cxd5 Bxf3 10. Qxf3 Nxd4 11. Bb5+ Nxb5 12. Nxb5 Qd7 {1-0 (43) Ivanisevic,I (2447)-Solak,D (2457) Lazarevac 1999}) 9. dxe5 Qxd1+ 10. Rxd1 fxe5 11. Bxc4 Bb4 12. Ng5 f6 13. Nge4 Ke7 14. O-O {Strongly threatening Nd5+.} Bxc3 $1 15. bxc3 Na5 16. Bd5 Rd8 17. f4 {And now fxe5 would win.} f5 (17... Be6 $11 18. Bxe6 Rxd1 19. Rxd1 Kxe6) 18. Ng5 $16 {Black must now prevent Nf7.} e4 {[#]} 19. Nxh7 (19. g4 $1 $16) 19... Be6 $132 {[%mdl 2048] Black is not keeping still} 20. Bxe6 Kxe6 21. Ng5+ Kf6 22. g4 Nc4 23. Rde1 e3 24. gxf5 $2 {[#]} (24. h3 $11) 24... Nd2 $1 $19 {Hoping for ...Rd3.} ({Don't play} 24... Kxf5 $6 25. Rb1 $11) 25. Rxe3 {Rfe1 is the strong threat.} Nxf1 26. Kxf1 Kxf5 {[%mdl 4096] Endgame KRR-KRN} 27. Re7 Rd2 28. Rf7+ Kg6 {aiming for ...Rc8.} 29. Rxb7 (29. Nf3 $142 Rd1+ 30. Ke2 Kxf7 31. Kxd1) 29... Rxa2 30. c4 Rd8 {[%cal Rd8d1]} 31. Ke1 Rd4 32. Nf3 Re4+ 33. Kd1 Rxf4 34. Rb3 Kf6 35. Rc3 Ke6 36. c5 $2 (36. Kc1 {is a better defense.}) 36... Kd7 37. Kc1 Kc7 38. h4 Rf2 39. Ng5 $2 (39. Ne1) 39... Rxh4 {Precision: White = 41%, Black = 71%.} 0-1

[Event "6th Altibox Norway Chess 2018 Blitz"]
[Site "Stavanger"]
[Date "2018.05.27"]
[Round "8.2"]
[White "Vachier-Lagrave, Maxime"]
[Black "Mamedyarov, Shakhriyar"]
[Result "0-1"]
[WhiteElo "2839"]
[BlackElo "2730"]
[Annotator "TA"]
[PlyCount "76"]
[EventDate "2018.05.26"]
[EventType "tourn"]
[EventCountry "NOR"]

{[%evp 16,76,0,0,25,15,21,22,58,60,61,52,46,23,29,12,10,6,20,-18,-36,-38,-36,-39,-30,-38,-8,-32,0,-87,-87,-126,-113,-106,-7,0,-6,-3,70,63,70,69,87,0,18,0,0,0,0,0,0,0,0,0,0,-1,-18,-87,0,-91,-28,-1914,-1897]} 1. e4 c6 2. d4 d5 3. e5 Bf5 4. Nf3 e6 5. Be2 Nd7 6. O-O Ne7 7. Nbd2 c5 8. dxc5 {B12: Caro-Kann: Advance Variation} Nc6 9. Nb3 {LiveBook: 9 Games} Bxc5 10. Nxc5 {White has an edge.} Nxc5 11. Nd4 Bg6 $146 ({Predecessor:} 11... O-O 12. Be3 Nd7 13. Nxf5 exf5 {½-½ (35) Svidler,P (2693)-Belov,V (2540) Moscow 2003}) 12. Nxc6 bxc6 13. Be3 Nd7 14. f4 c5 15. c4 d4 16. Bd2 O-O 17. Qe1 a5 18. Bf3 Ra7 19. b3 Qb6 20. Rc1 Rc8 21. g4 a4 22. Bd1 (22. bxa4 $11 Bd3 23. a5) 22... axb3 $17 23. axb3 Re8 24. h4 {[#] Black must now prevent h5.} Qb7 ({Better is} 24... h6 $17 {With the idea ...Ra2.} 25. b4 cxb4) 25. f5 $1 $11 {[%cal Rf5g6]} exf5 26. h5 $1 Rxe5 (26... Ra2 $11) 27. Qg3 $14 Ra2 28. Bf4 Re6 $1 {[#]} 29. hxg6 (29. Bf3 $1 $16 {[%cal Rf3b7]} Qxb3 30. Bd5 Qxg3+ 31. Bxg3) 29... hxg6 30. g5 Ne5 $40 {[%mdl 128] Black is up to no good.} 31. Rc2 Rxc2 32. Bxc2 Ng4 33. Bd1 Ne3 34. Bxe3 Rxe3 35. Qg2 Qb8 {Hoping for ...Rg3.} 36. Bf3 (36. Rf3 $11 {remains equal.}) 36... d3 (36... Qxb3 $2 37. Qg3 $19) (36... Qf4 $17 37. Bd5 Qe5) 37. Rd1 (37. Qh2 $11 {keeps the balance.} Qxb3 38. Bd5) 37... Qe5 (37... Qf4 $17 38. Rf1 Re5) 38. Kf1 $2 {[%mdl 8192]} (38. Qf2 $11) 38... Qf4 {Precision: White = 48%, Black = 34%.} 0-1

[Event "6th Altibox Norway Chess 2018 Blitz"]
[Site "Stavanger"]
[Date "2018.05.27"]
[Round "8.3"]
[White "Ding, Liren"]
[Black "Karjakin, Sergey"]
[Result "1-0"]
[WhiteElo "2793"]
[BlackElo "2838"]
[Annotator "TA"]
[PlyCount "65"]
[EventDate "2018.05.26"]
[EventType "tourn"]
[EventCountry "NOR"]

{[%evp 17,65,0,25,0,0,0,0,0,18,8,20,12,79,51,58,50,45,45,37,35,58,15,94,79,82,97,111,0,306,290,483,464,466,488,480,479,682,473,468,447,480,481,589,592,970,975,989,985,972,935]} 1. Nf3 c5 2. g3 Nc6 3. Bg2 Nf6 4. O-O e5 5. d3 d5 6. e4 d4 7. a4 Be7 {A08: King's Indian Attack} 8. Na3 O-O 9. Nc4 (9. Bd2 Ne8 10. Nc4 Qc7 11. Ne1 Be6 12. f4 f6 13. f5 Bf7 14. g4 Nd6 15. b3 {½-½ (51) Zhao,J (2604)-Anand,V (2782) Riadh 2017}) 9... Nd7 {LiveBook: 8 Games. The position is equal.} 10. Nfd2 Nb6 11. f4 exf4 $146 ({Predecessor:} 11... Nxc4 12. Nxc4 f6 13. f5 Qc7 14. h4 Nd8 15. g4 Nf7 16. c3 dxc3 17. bxc3 {½-½ (50) Movsziszian,K (2499)-Gomez Esteban,J (2462) Benasque 2013}) 12. gxf4 f5 13. Ne5 Nxe5 14. fxe5 f4 (14... a5 $11) 15. a5 $16 Nd7 16. Nc4 Bg5 17. h4 Bh6 18. Qh5 $1 {Black must now prevent Nd6.} Qe7 $1 19. Bd2 Rb8 {[#]} (19... Nb8 $11) 20. Rf2 $1 $36 {[%mdl 2048] White is really pushing.} b5 21. axb6 $1 axb6 22. Bh3 ({White has to play} 22. Ra7 $16) 22... Bb7 $2 {[%mdl 8192]} (22... Nxe5 $1 $11 23. Qxe5 Qxe5 24. Nxe5 Bxh3) 23. Ra7 Kh8 $2 (23... b5) 24. e6 $18 {White is clearly winning.} Nf6 25. Qe5 Ra8 26. Rxa8 Rxa8 (26... Bxa8 $142 27. Nxb6 Bc6 28. Bxf4 Bxf4 29. Rxf4 Rd8) 27. Bxf4 Bxf4 28. Rxf4 ({Not} 28. Qxf4 b5 $18) 28... h6 29. Nd6 ({Weaker is} 29. Nxb6 Rd8 $18) 29... Bc6 30. Nf5 Qe8 {[#]} 31. Nxg7 $1 {[%mdl 512]} Qg6+ (31... Kxg7 32. Qxf6+) 32. Kh2 Ra1 33. Bg2 {Precision: White = 70%, Black = 37%.} 1-0